| 000 | 01073nab a2200301 4500 | ||
|---|---|---|---|
| 003 | BR-BrBNA | ||
| 005 | 20240328150651.0 | ||
| 008 | 240328b bl.||||| |||| 00| 0 por d | ||
| 040 |
_aBR-BrBNA _bpor |
||
| 072 | _aK50 ; E10; P01 | ||
| 100 | _aÂngelo, Humberto | ||
| 100 | _aSilva, Gilson Fernandes da | ||
| 245 |
_aAnálise econômica da indústria de madeiras tropicais: o caso do polo de Sinop - MT _bPesquisa |
||
| 500 | _aSummaries (eng, por); 23 ref.; 2 illus.; 9 tables | ||
| 650 | _aINDÚSTRIA FLORESTAL | ||
| 650 | _aINDÚSTRIA MADEIREIRA | ||
| 650 | _aANÁLISE ECONÔMICA | ||
| 650 | _aANÁLISE DE CUSTO-BENEFÍCIO | ||
| 650 | _aPOLÍTICA INDUSTRIAL | ||
| 650 | _aPRODUÇÃO | ||
| 650 | _aPRODUTIVIDADE | ||
| 650 | _aSUSTENTABILIDADE | ||
| 650 | _aSINOP | ||
| 650 | _aMATO GROSSO | ||
| 773 | 0 |
_01357 _94684 _dBrasília-DF Instituto Brasileiro de Desenvolvimento Florestal 1970 _o2023-07828 _tBrasil Florestal (Brazil) _x0045-270X _gv. 22(78) p. 19-32; (Dec 2003) _wBR2024000536 |
|
| 942 | _cAnalítica | ||
| 999 |
_c298991 _d298991 |
||